000
00345nam a2200133Ia 4500
008
151001s9999||||xx |||||||||||||| ||und||
100
_a
जयश्री घड्याळे
245
_a
पंकजा
250
_a
1
260
_b
गुरु ओम प्रकाश
260
_c
1983
300
_a
136
365
_b
18
999
_c
963361
_d
963358